000 00486nam a22001697a 4500
003 PILC
005 20151028094515.0
008 130925t xxu||||| |||| 00| 0 eng d
050 _aTT 870.2
_b.Mo697 p.2
100 _aMohini, Mudit
_921634
245 _aOrigami :
_bthe art of paper folding Part 2 /
_cMudit Mohini.
260 _aNew Delhi :
_bVishv Vijay Pvy. Ltd.
300 _a32 p. :
_bill. col. ;
_c28 cm.
651 _aorigami
_921635
942 _2lcc
_cBK
999 _c12088
_d12088